| 000 | 01067nam a2200289 i 4500 | ||
|---|---|---|---|
| 003 | DO-SdBNP | ||
| 005 | 20230626153426.0 | ||
| 006 | a||||gr|||| 00| 0 | ||
| 007 | ta | ||
| 008 | 230626b? |||||||| |||| 00| 0 spa d | ||
| 040 |
_aDO-SdBNP _bspa _cBNPHU _erda |
||
| 082 | 4 |
_222 _bG643m |
|
| 100 | 1 |
_929274 _aGonzález, Sarah |
|
| 245 |
_aLa matemática en mi vida 7mo. curso : _bguía didáctica. / _cSarah González, Dulce Rodríguez, Raúl Alvarado |
||
| 264 |
_a[sin lugar] : _bPUCMM, _bEDUCA, _c[sin fecha] |
||
| 300 |
_a231 páginas : _c20 cm |
||
| 336 |
_2rdaconten _atexto _btxt |
||
| 337 |
_2rdamedia _asin medición _bn |
||
| 338 |
_2rdacarrier _avolumen _bnc |
||
| 500 | _aProyecto "Iniciativas privadas para la Educación Primaria" (P.I.P.E.) | ||
| 590 | _aInventariado 2023 / MF | ||
| 700 | 1 |
_929275 _aRodríguez Dulce |
|
| 700 | 1 |
_967251 _aAlvarado, Raul |
|
| 710 | 2 |
_937174 _aPontificia Universidad Católica Madre y Maestra _bRepública Dominicana |
|
| 710 | 2 |
_982994 _aAcción para la Educación Básica _bRepública Dominicana |
|
| 942 |
_2ddc _cLBS1 |
||
| 999 |
_c53961 _d53961 |
||